Výročná správa Protimonopolného úradu SR
Text správy o činnosti úradu v r.1994. Aktivity pri ochrane hospodárskej súťaže, v legislatíve a začleňovaní SR do medzinárodných ekonomických štruktúr.
Uložené v:
| Médium: | Kapitola |
|---|---|
| Jazyk: | Slovak |
| Predmet: | |
| Tagy: |
Žiadne tagy, Buďte prvý, kto otaguje tento záznam!
|
MARC
| LEADER | 00000naa a2200000 4500 | ||
|---|---|---|---|
| 001 | r017162 | ||
| 005 | 20221213101222.2 | ||
| 041 | 0 | |a slo | |
| 044 | |a SK | ||
| 245 | 1 | 0 | |a Výročná správa Protimonopolného úradu SR |
| 520 | |a Text správy o činnosti úradu v r.1994. Aktivity pri ochrane hospodárskej súťaže, v legislatíve a začleňovaní SR do medzinárodných ekonomických štruktúr. | ||
| 610 | 2 | 0 | |a Protimonopolný úrad SR Bratislava |
| 610 | 2 | 0 | |a správy výročné |
| 610 | 2 | 0 | |a 1994 |
| 610 | 2 | 0 | |a konkurencia |
| 610 | 2 | 0 | |a súťaž hospodárska |